| 000 | 00666nam a2200205 a 4500 | ||
|---|---|---|---|
| 005 | 20210223130203.0 | ||
| 008 | 070420s2003 es r 000 0 spa d | ||
| 020 | _a8448136632 | ||
| 035 | _aUPN01000150108 | ||
| 049 | _aCG | ||
| 050 | 4 |
_aQA76.76 W5.6 _bC3.5 |
|
| 100 | 1 | _aCasar Sarasola, Arturo | |
| 245 | 1 | 0 |
_aMicrosoft : _bWindows XP / _cArturo Casar Sarasola, Angel Manuel Sánchez Bermúdez. |
| 260 |
_aMadrid : _bMcGraw-Hill, _c2003. |
||
| 300 |
_axiv, 492 p. : _bil. |
||
| 650 | 4 |
_aWINDOWS (PROGRAMAS PARA COMPUTADORA) _95928 |
|
| 650 | 4 |
_aSISTEMAS OPERATIVOS (COMPUTADORAS) _95927 |
|
| 700 | 1 |
_aSánchez Bermúdez, Angel Manuel, _ecoaut. |
|
| 905 | _aLibro | ||
| 999 |
_c122249 _d122249 |
||